Science Quiz

Random Science or Elements Quiz

Elements by Symbol Letters Quiz Stats

 Plays Quiz Updated Jul 22, 2017

Support Sporcle.
Go Orange.
Score 0/42 Timer 03:00
0 Plays Today
% Correct
A
88.6%
C
87.8%
B
85.6%
B
76%
E
74.8%
D
74.7%
A
74.4%
A
73.2%
E
71.2%
A
67.3%
A
65.8%
A
65%
B
64%
A
63.1%
A
53.6%
A
53.1%
A
52.7%
A
52.2%
C
50.5%
C
50.5%
C
49.5%
% Correct
A
49%
N
48.9%
C
48.4%
B
47.2%
R
47%
A
47%
A
45.9%
A
43.6%
R
43.4%
B
43.3%
C
42.2%
G
40.2%
E
39.4%
A
35.4%
B
31.5%
N
24.3%
B
22.3%
D
16.4%
N
14.7%
L
13.7%
B
10%

You're not logged in!

Compare scores with friends on all Sporcle quizzes.
OR
Log In
Forgot?

From the Vault

Foursomes from Sets (Songs)

by enough

It's kind of like a trivia quartet.
Remove Ads.
Support Sporcle.
Get the best of Sporcle when you Go Orange. This ad-free experience offers more features, more stats, and more fun while also helping to support Sporcle. Thank you for becoming a member.

Show Comments

Extras

Top Quizzes Today


Score Distribution

Your Account Isn't Verified!

In order to create a playlist on Sporcle, you need to verify the email address you used during registration. Go to your Sporcle Settings to finish the process.

Report this User

Report this user for behavior that violates our Community Guidelines.

Details: